Gramática latina (Record no. 2043)

MARC details
000 -CABECERA
campo de control de longitud fija 00608nam a2200205 a 4500
001 - NÚMERO DE CONTROL
campo de control BRCA_2298
005 - FECHA Y HORA DE LA ÚLTIMA TRANSACCIÓN
campo de control 20190320203740.0
008 - DATOS DE LONGITUD FIJA--INFORMACIÓN GENERAL
campo de control de longitud fija 150508s2006----mx-a---###---#000-0#spa-#
020 ## - NÚMERO INTERNACIONAL ESTÁNDAR DEL LIBRO
Número Internacional Estándar del Libro 9789707821682
050 #4 - SIGNATURA TOPOGRÁFICA DE LA BIBLIOTECA DEL CONGRESO
Número de clasificación PA2087
Número de documento/Ítem .M38 2006
100 1# - ENTRADA PRINCIPAL--NOMBRE DE PERSONA
Nombre de persona Mateos Muñoz, Agustín
9 (RLIN) 6881
245 10 - MENCIÓN DE TÍTULO
Título Gramática latina
Mención de responsabilidad, etc. Agustín Mateos Muñoz.
250 ## - MENCIÓN DE EDICIÓN
Mención de edición 37
260 ## - PUBLICACIÓN, DISTRIBUCIÓN, ETC.
Lugar de publicación, distribución, etc. México
Nombre del editor, distribuidor, etc. Esfinge
Fecha de publicación, distribución, etc. 2006
300 ## - DESCRIPCIÓN FÍSICA
Extensión 341 p.
Otras características físicas il.
Dimensiones 23 cm.
500 ## - NOTA GENERAL
Nota general Incluye vocabulario Latino-Español ; vocabulario Español-Latino e índice de materias
650 14 - PUNTO DE ACCESO ADICIONAL DE MATERIA--TÉRMINO DE MATERIA
Término de materia o nombre geográfico como elemento de entrada Latín
Subdivisión general Gramática
9 (RLIN) 6882
902 ## - CATALOGADOR
Iniciales REF
942 ## - ELEMENTOS DE PUNTO DE ACCESO ADICIONAL (KOHA)
Fuente del sistema de clasificación o colocación Library of Congress Classification
Tipo de ítem Koha Libros
Holdings
Estado de retiro Estado de pérdida Estado dañado No para préstamo Localización permanente Ubicación/localización actual Fecha de adquisición Total de préstamos Signatura topográfica completa Código de barras Fecha visto por última vez Precio válido a partir de Tipo de ítem Koha
El ejemplar forma parte de la colección y puede ser consultado según las políticas vigentes.       Biblioteca del Museo Franz Mayer (Rogerio Casas-Alatriste) Biblioteca del Museo Franz Mayer (Rogerio Casas-Alatriste) 15/08/2008   PA2087 .M38 2006 REF00177 22/03/2019 22/03/2019 Libros